Представление документа в формате RUSMARC

ПолеНазваниеЗначение
  Тип записи a
  Библиографический уровень m
001 Контрольный номер admiBOOK00007084
005 Дата корректировки 20140508173945.7
010 Индекс ISBN __
d Цена 0.25
100 Данные общей обработки __
a Данные общей обработки 19020311 |||y0 y0189 ca
101 Язык документа __
a Язык текста rus
105 Кодированные данные (монография) __
a Кодированные данные (монография) zy
200 Заглавие и сведения об ответственности 0_
a Заглавие Алкоголизм: 100 вопросов и ответов
210 Выходные данные __
a Место издания М
c Издательство Советская Россия
d Дата издания 1986
215 Физическое описание __
a Объем 140с.
606 Тематические рубрики __
a Основная рубрика Медицина
x Основная подрубрика Психиатрия
610 Ключевые слова __
a Ключевые слова Медицина
a Ключевые слова Наркология
a Ключевые слова Алкоголизм
a Ключевые слова Пьянство
686 Индексы других классификаций __
a Классификационный индекс 56.14
700 Автор __
a Фамилия Дроздов
b Имя Э.С.
701 Альтернативная интеллектуальная ответственность __
a Фамилия Зенченко Е.И.
852 Данные о местонахождении __
c Местонахождение стеллажа 56.14
j Шифр хранения 5
852 Данные о местонахождении __
b Сигла хранения ЧЗ_1
t Номер экземпляра 2
i Авторский знак Д75
p Инвентарный номер 87122
p Инвентарный номер 87123
901 Тип документа __
t Тип документа m
911 __
u 952a=Учебное пособие
938 Служебная информация __
a Название организации Саранский филиал
b Имя БД OUTPUT.MRC_Саранск
c Название АИБС АИБС Библиотека